Factores asociados a la resistencia de eritropoyetina en pacientes con enfermedad renal crónica en hemodiálisis (Registro nro. 22518)

000 -Cabecera
Campo de control interno 02590nam a2200301 4500
001 - Número de control
control field ESSALUD
007 - Tipo material - Descripcion fisica - info general
Tipo material - Descripcion fisica - info general ta
008 - Elementos de Longitud Fija - Información General
Elementos de Longitud Fija - Información t2026 pe ||||| |||| 00| 0 spa d
040 ## - Origen de la Catalogación
Origen de la Catalogación BMG
041 ## - Idioma
Idioma spa
100 ## - Autor
Autor Castro Núñez, Michael Bryant
Rol del Autor autor
9 (RLIN) 52683
245 ## - Titulo
Titulo Factores asociados a la resistencia de eritropoyetina en pacientes con enfermedad renal crónica en hemodiálisis
300 ## - Páginas
Paginación páginas 16-24
520 ## - Resumen
Resumen Los pacientes con enfermedad renal crónica (ERC) desarrollan resistencia a la eritropoyetina (αEPO), un evento asociado con la mortalidad. El objetivo del estudio fue identificar los factores que generan resistencia a αEPO en ERC en hemodiálisis (HD). Diseño longitudinal, retrospectivo y analítico. Se analizó una muestra de 56 pacientes con ERC en HD. Para determinar la resistencia a αEPO se calculó el índice de resistencia a la eritropoyetina (IRE). Se midió el hierro sérico y se clasificó a los pacientes con resistencia absoluta cuando mostraron saturación de transferrina (ST)< 10%, hemoglobina (Hb) < 11 e IRE ≥ 9,06, o con resistencia relativa cuando la ST estuvo entre 10 – 20%, Hb < 11 e IRE ≥ 9,06. Se detectó resistencia a la αEPO en el 28,5% de los pacientes. La prevalencia de anemia fue de 41,1%, de los cuales el 69,6% presentó IRE alta. El grupo de IRE alta mostró una elevada asociación con ferritina y calcio sérico; mientras que la concentración de hierro sérico es más baja (8,9 µM/L; 6,6 – 13,2). Los factores de riesgo asociados a IRE fueron: Hb <11 (OR=2,31; p<0,020) y ferritina (OR=1,001; p<0,001). El estudio evidenció una elevada resistencia a αEPO y una deficiencia de hierro sérico en pacientes con ERC en HD. El IRE alto se asoció significativamente con Hb, hierro, calcio sérico, ferritina. La concentración de hierro sérico actúa como factor protector de la resistencia a αEPO.
650 ## - Temas - Descriptores
Temas - Descriptores ERITROPOYETINA
9 (RLIN) 48333
650 ## - Temas - Descriptores
Temas - Descriptores DIÁLISIS RENAL
9 (RLIN) 11785
650 ## - Temas - Descriptores
Temas - Descriptores INSUFICIENCIA RENAL CRÓNICA
9 (RLIN) 12357
650 ## - Temas - Descriptores
Temas - Descriptores HIERRO
9 (RLIN) 6617
700 ## - Autor Personal
Autor Personal Goyoneche Linares, Gabriela
Rol del autor autor
9 (RLIN) 52684
700 ## - Autor Personal
Autor Personal Granda Alacote, Ana
Rol del autor autor
9 (RLIN) 52685
700 ## - Autor Personal
Autor Personal Murillo Carrasco, Alexis Germán
Rol del autor autor
9 (RLIN) 52682
700 ## - Autor Personal
Autor Personal Rufasto Goche, Katherine
Rol del autor autor
9 (RLIN) 52686
700 ## - Autor Personal
Autor Personal Liendo Liendo, Cesar
Rol del autor autor
9 (RLIN) 52687
700 ## - Autor Personal
Autor Personal Arrunátegui Correa, Víctor
Rol del autor autor
9 (RLIN) 52688
700 ## - Autor Personal
Autor Personal Diaz-Obregón, Daysi
Rol del autor autor
9 (RLIN) 52689
773 0# - Revista (Relacion con el numero)
Host Biblionumber 22497
Host Itemnumber 22595
Ciudad, Editorial Lima : IETSI
Codigo barras item/ejemplar CITES01
Titulo de la Revista Ciencia y Tecnología aplicada a la Salud Pública
Número de control de registro ESSALUD
ISSN 3119-7981
942 ## - Elementos de Koha
Tipo de Documento Artículos
Fecha procesamiento 2026-06-11
Catalogador AFC

No hay ítems disponibles.